| 000 | 02579nam0a2200433 i 4500 | ||
|---|---|---|---|
| 001 | RU\NLR\BIBL_A\010478033 | ||
| 005 | 20260406005346.0 | ||
| 010 |
_a9785790101243 _9500 |
||
| 021 |
_aRU _b14-55564 |
||
| 035 | _a(NILC)RuMoRGB-007530063 | ||
| 035 | _a(NLR Aleph) 010478033 | ||
| 090 |
_a10053751 _c10053751 |
||
| 100 | _a20141016d2013 km y0rusy50 ca | ||
| 101 | 0 |
_arus _deng _eeng |
|
| 102 | _aRU | ||
| 105 | _ay|||z|||000yy | ||
| 200 | 1 |
_aПатоморфология искусственного пищевода при пластике толстой кишкой _dPathomorphology of artificial esophagus after colonic esophagoplasty _fГ.А. Лапий, Л.М. Непомнящих, Ю.В. Чикинев, Р.В. Говорков _gРос. акад. мед. наук _zeng |
|
| 210 |
_aМосква _cИз-во РАМН _d2013 |
||
| 215 |
_a239 с. _cил., цв. ил. _d22 |
||
| 300 | _aАвт. также на англ. яз.: G.A. Lapii, L.M. Nepomnyashchikh, Yu.V. Chikinev, R.V. Govorkov | ||
| 300 | _aНа обороте тит. л. авт.: Лапий Г.А. - д.м.н., проф., Непомнящих Л.М. - засл. деят. науки РФ, чл.-кор. РАМН, д.м.н., проф., Чикинев Ю.В. - д.м.н., проф., Говорков Р.В. - к.м.н., врач-хирург | ||
| 300 | _aРез. на англ. яз. | ||
| 320 | _aБиблиогр.: с. 151-176 | ||
| 510 | 1 |
_aPathomorphology of artificial esophagus after colonic esophagoplasty _zeng |
|
| 606 | 1 |
_aПищевод искусственный _xБолезни _xПатологическая морфология _92117154 _3RU\NLR\AUTH\661582436 |
|
| 606 | 1 |
_aПищевод _xПластическая хирургия _xПрименение трансплантатов толстой кишки _xОсложнения _92202466 _3RU\NLR\AUTH\6601558155 |
|
| 610 | 0 | _aэзофагопластика толстой кишкой | |
| 610 | 0 | _aпищевод искусственный, болезни | |
| 686 | 1 | _aР413.1-2 | |
| 686 | 1 | _aР457.345.31-99 | |
| 701 | 1 |
_8rus _7ca _aЛапий _bГ. А. _gГалина Анатольевна _3RU\NLR\AUTH\77114842 _997767 |
|
| 701 | 1 |
_8rus _7ca _aНепомнящих _bЛ. М. _f1937- _gЛев Моисеевич _3RU\NLR\AUTH\7734323 _917327 |
|
| 701 | 1 |
_aЧикинев _bЮ. В. _gЮрий Владимирович |
|
| 701 | 1 |
_aГоворков _bР. В. _gРоман Владимирович |
|
| 801 | 0 |
_aRU _bРГБ _c20140805 _gRCR |
|
| 942 | _cBOOK | ||
| 980 | _aNBR | ||